000 00565nam a2200169Ia 4500
005 20250508153419.0
008 008 250505s9999 xx 000 0 eng d
037 _aBooks to be hide in OPAC
040 _aFEDL
_beng
_cFEDL
041 _aeng
_2eng
084 _a371.6, UNI/O
_qFEDL
245 0 _aSelected references on general-usage facilities and equipment for secondary schools
260 _aWashington, USA
_bU.S. Department of Health, Education, and Welfare
_c1962
300 _a14p.
942 _cHB
_h371.6, UNI/O
999 _c1342693
_d1342693